ইসলাম ও ফিতরাত / (Record no. 40577)
[ view plain ]
| 000 -LEADER | |
|---|---|
| fixed length control field | 00916nam a2200241 a 4500 |
| 001 - CONTROL NUMBER | |
| control field | 40577 |
| 003 - CONTROL NUMBER IDENTIFIER | |
| rucl marc code | BD-RjUL |
| 005 - DATE AND TIME OF LATEST TRANSACTION | |
| control field | 20211209053237.0 |
| 008 - FIXED-LENGTH DATA ELEMENTS--GENERAL INFORMATION | |
| fixed length control field | 160504s1980 bg ||||| |||| 00| 0 ben d |
| 020 ## - INTERNATIONAL STANDARD BOOK NUMBER | |
| Terms of availability | : TK.8.00 |
| 035 ## - SYSTEM CONTROL NUMBER | |
| System control number | (BD-RjUL)40692 |
| 040 ## - CATALOGING SOURCE | |
| Original cataloging agency | BD-RjUL |
| Language of cataloging | ben |
| Transcribing agency | BD-RjUL |
| 041 ## - LANGUAGE CODE | |
| Language code of text/sound track or separate title | ben |
| 082 ## - DEWEY DECIMAL CLASSIFICATION NUMBER | |
| Edition number | 23 |
| Classification number | 297 |
| Author mark and year | FUI 1980 |
| 100 ## - MAIN ENTRY--PERSONAL NAME | |
| Personal name | ফুলওয়ারবী, জা'ফর |
| 9 (RLIN) | 124875 |
| 245 10 - TITLE STATEMENT | |
| Title | ইসলাম ও ফিতরাত / |
| Statement of responsibility, etc. | জা'ফর ফুলওয়ারবী ; মোহাম্মদ সাদেক অনূদিত |
| 260 ## - PUBLICATION, DISTRIBUTION, ETC. (IMPRINT) | |
| Place of publication, distribution, etc. | ঢাকা : |
| Name of publisher, distributor, etc. | ইসলামী সাংস্কৃতিক কেন্দ্র, |
| Date of publication, distribution, etc. | ১৯৮০ |
| 300 ## - PHYSICAL DESCRIPTION | |
| Pagination | ১০৮ পৃ. ; |
| Size | ২২ সেমি. |
| 650 ## - SUBJECT ADDED ENTRY--TOPICAL TERM | |
| Topical term or geographic name as entry element | ইসলাম |
| 9 (RLIN) | 124880 |
| Topical term or geographic name as entry element | Islam |
| 9 (RLIN) | 124881 |
| 700 ## - ADDED ENTRY--PERSONAL NAME | |
| Personal name | সাদেক, মোহাম্মদ, অনূদিত |
| 942 ## - ADDED ENTRY ELEMENTS (KOHA) | |
| Source of classification or shelving scheme | Dewey Decimal Classification |
| Koha item type | Books |
| Lost status | Source of classification or shelving scheme | Damaged status | Not for loan | Collection code | Permanent Location | Current Location | Shelving location | Date acquired | Source of acquisition | Cost, normal purchase price | Total Checkouts | Full call number | Date last seen | Copy number | Koha item type |
|---|---|---|---|---|---|---|---|---|---|---|---|---|---|---|---|
| Dewey Decimal Classification | Not For Loan | Non-fiction | Central Library, University of Rajshahi | Central Library, University of Rajshahi | Reading Room | 31/10/1983 | Islami sangskritik kendro | 8.00 | B 297 FUI 1980 | 04/05/2016 | C-1 | Books | |||
| Dewey Decimal Classification | Non-fiction | Central Library, University of Rajshahi | Central Library, University of Rajshahi | 12/05/1996 | Islamic Foundation | 17.00 | B 297 FUI 1980 | 30/09/2021 | C-2 | Books |